Le Journal amusant (Record no. 1289)

MARC details
000 -LEADER
campo de control de longitud fija 00951nas a2200265 4500
001 - NÚMERO DE CONTROL
campo de control 1289
003 - IDENTIFICADOR DE NÚMERO DE CONTROL
campo de control ES-MaACL
005 - FECHA Y HORA DE LA ÚLTIMA TRANSACCIÓN
campo de control 20250822100005.0
007 - CAMPO FIJO DE DESCRIPCIÓN FÍSICA--INFORMACIÓN GENERAL
campo de control de longitud fija t|
008 - DATOS DE LONGITUD FIJA--INFORMACIÓN GENERAL
campo de control de longitud fija 950801c18561933fr | | 1 ||re d
080 ## - NÚMERO DE LA CLASIFICACIÓN DECIMAL UNIVERSAL
Número de la Clasificación Decimal Universal 44
245 03 - MENCIÓN DEL TÍTULO
Título Le Journal amusant
Resto del título : journal illustré, journal d'images, journal comique, critique, satirique, etc.
246 30 - FORMA VARIANTE DEL TITULO
Título propio/Titulo breve Journal pour rire, journal amusant
260 ## - PUBLICACIÓN, DISTRIBUCIÓN, ETC.
Lugar de publicación, distribución, etc. [Paris :
Nombre del editor, distribuidor, etc. Aubert et Cie.],
Fecha de publicación, distribución, etc. 1856-1933 (
Fabricante Typ. Henry Plon)
300 ## - DESCRIPCIÓN FÍSICA
Extensión 62 v. :
Otras características físicas il. ;
Dimensiones 43 cm.
362 0# - FECHAS DE PUBLICACIÓN Y/O DESIGNACIÓN SECUENCIAL
Fecha de publicación y/o designación secuencial N. 1 (5 janv. 1856)-n. 50 (12 déc. 1933)
580 ## - NOTA DE RELACIÓN COMPLEJA
Nota de relación compleja Es suplemento de esta publ.: Le Musée français = ISSN 9967-5757.
650 17 - PUNTO DE ACCESO ADICIONAL DE MATERIA--TÉRMINO DE MATERIA
Término de materia o nombre geográfico como elemento de entrada Sátira
Fuente del encabezamiento o término embne
9 (RLIN) 16997
650 14 - PUNTO DE ACCESO ADICIONAL DE MATERIA--TÉRMINO DE MATERIA
Término de materia o nombre geográfico como elemento de entrada Revistas de información general.
9 (RLIN) 16896
700 1# - ENTRADA AGREGADA--NOMBRE PERSONAL
Nombre de persona Philipon, Charles,
Fechas asociadas al nombre 1806-1862
9 (RLIN) 131109
852 ## - LOCALIZACIÓN
Ubicación ES-MaACL
Número de control de estantería Z-40
Signatura antigua Olim: Hem-1074
866 #0 - MENCIÓN TEXTUAL DE FONDOS--UNIDAD BIBLIOGRÁFICA BÁSICA
Fondos 1862-75, 1878-1913, 1919-1931 (1932).
942 ## - ELEMENTOS DE ENTRADA SECUNDARIOS (KOHA)
Fuente del sistema de clasificación o colocación Clasificación decimal universal
Holdings
Estatus retirado Estado de pérdida Fuente del sistema de clasificación o colocación Estado de daño No para préstamo Colección Biblioteca de origen Biblioteca actual Ubicación en estantería Fecha de adquisición Total de préstamos Signatura topográfica completa Código de barras Visto por última vez Precio de reemplazo Tipo de ítem Koha
    Clasificación decimal universal     Periódicos y Revistas Biblioteca del Ateneo de Madrid Biblioteca del Ateneo de Madrid Depósito 17/01/2008   Z-40 1001317 23/02/2023 23/02/2023 Revista